00282nam a22001097a 4500020001800000040000900018082001800027100001400045245002900059260005500088650002900143 a9787313058201 cNust a621.3822bSHI aXizhi Shi aBlind signal processing  aChina:bShanghai Jio Tong university press,c2011. aBlind signal processing